000 00924cab a2200277 4500
001 WB3202-33
008 090401t1996 xxu||||| |||| 00| 0 eng d
035 _a(Sirsi) u60860
041 _aeng
245 _aLet-out clause for landlords
260 _c1996
350 _a0
490 _aIndependent on Sunday
_v7 January 1996, 10(1)
520 _aRecent tax concessions for mortgage holders who let their homes may make renting out a preferable alternative to selling.
650 _aLETTING
650 _aMIRAS
650 _aPRIVATE RENTED SECTOR
650 _aRENTAL INCOME
650 _aRENTED HOUSING
650 _aRESIDENTIAL PROPERTY
_96266
650 _aPROPERTY-RESIDENTIAL PROPERTY-RESIDENTIAL LANDLORD AND TENANT-RESIDENTIAL TENANCIES
650 _aTAX RELIEF
690 _aPROPERTY-RESIDENTIAL PROPERTY-RESIDENTIAL LANDLORD AND TENANT-RESIDENTIAL TENANCIES
942 _n0
948 _c04/03/1997
999 _c37628
_d37628